000 00804nam a2200241 a 4500
999 _c3269
_d3269
001 3269
003 BD-JhCC
005 20171112164706.0
008 171112s1985 bg |||| ||a| 000 0 ben d
035 _a(BD-JhCC)3269
040 _aBD-JhCC
_dBD-JhCC
041 _aben
082 _a331.4794
_bPAN 1985
100 _aপান্না, মুস্তফা
245 _aবাংলাদেশের শ্রমজীবী মানুষ /
_cমুস্তফা পান্না
260 _aঢাকা :
_bবাংলা একাডেমী,
_c1985.
300 _a120 p. :
_c18 cm.
490 _aSeries in honour of the martyrs of the Language Movement of February 1952.
650 _aEconomic of Bangladesh
650 _aHuman of Bangladesh
942 _2ddc
_cBK